Datum a čas kvízu
17
Celkem bodů
Celkový počet nahraných bodů na tomto kvízu bez doplňovacích otázek.
9.
Pořadí na kvízu
Konečné umístění týmu na tomto kvízu.
Zaznamenané odpovědi
| # | Otázka | Odpověď | Body | Výsledky |
|---|---|---|---|---|
| 1. | Jiří Kadeřávek, jeden ze zakla... | Piráti | 0 | |
| 2. | Minulý týden rozsáhlý výpadek... | CrowdStrike | 0 | |
| 3. | Minulý týden byla představena... | Apple | 0 | |
| 4. | Česká obchodní inspekce minulý... | Penny Market | 1 | |
| 5. | V neděli skončil 111. ročník T... | Tadej Pogačar | 1 | |
| 6. | Na hudební téma Přátelství z m... | v 18. století | 0 | |
| 7. | Ve které filmové sérii se obje... | Toy Story: Příběh hraček | 1 | |
| 8. | Zprovoznění sociální sítě Face... | B | 0 | |
| 9. | Kterým slovem na F označují če... | frazém | 0 | |
| 10. | V románu Bylo nás pět vzpomíná... | Ota (Otakárek) | 1 |